| 000 | 00715nam a22002417a 4500 | ||
|---|---|---|---|
| 003 | OSt | ||
| 005 | 20250505113829.0 | ||
| 008 | 211209s1973 sp ||||gr|||| 00| 0 spa d | ||
| 020 | _a8422605015 | ||
| 040 |
_aCO-JMCR _cCO-JMCR |
||
| 041 | 1 |
_aspa _heng |
|
| 082 | 0 | 4 |
_aA-N _bURIq _223 |
| 100 | 1 |
_aUris, Leon, _eautor _941806 |
|
| 245 | 1 | 0 |
_aQB vii / _cLeon Uris ; traductor, Baldomero Porta |
| 260 |
_aBarcelona : _bCirculo de lectores, _c1973. |
||
| 300 |
_a495 páginas ; _c20 cm. |
||
| 500 | _aContiene datos biográficos del autor. | ||
| 650 | 1 | 4 | _2Historias de guerra |
| 650 | 1 | 4 | _2Ficción histórica |
| 650 | 1 | 4 | _2Historias legales |
| 700 | 1 |
_aPorta, Baldomero, _etraductor _941807 |
|
| 942 |
_2ddc _cBK |
||
| 999 |
_c15647 _d15647 |
||